Can you name all of Taylor Swift's collabs? - Statistics

General Stats
  • This quiz has been taken 61 times
    11 since last reset
  • The average score is 36 of 38
Answer Stats
Album Collab/Feature Song % Correct
1989 (Taylor's Version) [Deluxe] Kendrick Lamar Bad Blood
100%
Fearless Colbie Caillat Breathe
100%
Speak Now (Taylor's Version) Hayley Williams Castles Crumbling
100%
evermore The National coney island
100%
reputation Ed Sheeran, Future End Game
100%
evermore Bon Iver evermore
100%
Red Ed Sheeran Everything Has Changed
100%
folklore Bon Iver exile
100%
THE TORTURED POETS DEPARTMENT Florence + The Machine Florida!!!
100%
THE TORTURED POETS DEPARTMENT Post Malone Fortnight
100%
Two Lanes Of Freedom Tim Mcgraw, Keith Urban Highway Don't Care
100%
Red (Taylor's Version) Chris Stapleton I Bet You Think About Me
100%
Fifty Shades Darker (Original Motion Picture Soundtrack) ZAYN I Don't Wanna Live Forever
100%
Midnights (The Til Dawn Edition) Ice Spice Karma
100%
Lover Brendon Urie ME!
100%
evermore HAIM no body, no crime
100%
Red (Taylor's Version) Phoebe Bridgers Nothing New
100%
How Long Do You Think It's Gonna Last? Big Red Machine Renegade
100%
Red (Taylor's Version) Ed Sheeran Run
100%
Midnights Lana Del Rey Snow On The Beach
100%
Midnights (The Til Dawn Edition) More Lana Del Rey Snow On The Beach
100%
Lover The Chicks Soon You'll Get Better
100%
Red Gary Lightbody The Last Time
100%
The Life of a Showgirl Sabrina Carpenter The Life of a Showgirl
100%
The Secret Of Us Gracie Abrams us.
100%
- Bleachers Anti-Hero
88%
Bigger Sugarland Babe
88%
How Long Do You Think It's Gonna Last? Big Red Machine Birch
88%
Speak Now (Taylor's Version) Fall Out Boy Electric Touch
88%
Women In Music Pt III HAIM Gasoline
88%
- Shawn Mendes Lover (Remix)
88%
The Hunger Games: Songs From District 12 And Beyond The Civil Wars Safe & Sound
88%
Fearless (Taylor's Version) Keith Urban That's When
88%
First Two Pages of Frankenstein The National The Alcott
88%
= (Tour Edition) Ed Sheeran The Joker And The Queen
88%
Strange Clouds B.o.B Both Of Us
75%
Love Drunk BOYS LIKE GIRLS Two Is Better Than One
75%
Fearless (Taylor's Version) Maren Morris You All Over Me
63%
No matching quizzes found
Score Distribution
Percent of People with Each Score
Percentile by Number Answered
Your Score History
You have not taken this quiz since the last reset